Kleine Geschichte Siebenbürgens

Titel: Kleine Geschichte Siebenbürgens / Harald Roth
Verfasser:
Ausgabe: 3., aktualis. Aufl.
Veröffentlicht: Köln ˜[u.a.]œ : Böhlau, 2007
Umfang: 196 S. : Ill., graph. Darst., Kt.
Format: Buch
Sprache: Deutsch
RVK-Notation:
Schlagworte:
ISBN: 9783412135027 ; 341213502X
Buchumschlag
X
Lokale Klassifikation: 55 8 S 5 ; 55 7 A ; 20 7 A
alg: 18856618
001A    $00066:09-07-07 
001B    $01999:03-06-23 $t02:15:36.000 
001C    $00066:03-08-07 $t14:31:46.000 
001D    $00066:03-08-07 
001U    $0utf8 
001X    $00 
002@    $0Aau 
003@    $018856618X 
003O    $0180164770 $aOCoLC 
004A    $A978-3-412-13502-7 
004A    $03-412-13502-X 
007A    $018856618X $aHEB 
007T    $0Herdhh18856618X 
009P    $qapplication/pdf $A2 $3Inhaltsverzeichnis $uhttp://scans.hebis.de/HEBCGI/show.pl?18856618_toc.pdf $mV:DE-605;X:Imageware 
010@    $ager 
011@    $a2007 
013H    $0z 
021A    $aKleine Geschichte Siebenbürgens $hHarald Roth 
028A    $7121487938 $8Roth, Harald$Z1965- [Tp3] $9152859071 
032@    $a3., aktualis. Aufl. 
033A    $pKöln {[u.a.] $nBöhlau 
034D    $a196 S. 
034M    $aIll., graph. Darst., Kt. 
041A    $RRumänien $#Siebenbürgen $#Siebenbürgen $#Fürstentum Siebenbürgen $#Transsilvanien $#Transsylvanien $#Transilvania $#Transylvania $#Ardeal $#Erdély $#Siedmiogród $#Sedmohradsko $#Sedmihradsko $74054835-1 $8Siebenbürgen [Tg1] $9085152552 
041A/80 $i16.5 
041A/90 $hXA-RO 
045E    $a63 
045F    $a909 $eDDC23BSB 
045F/01 $a909 
045F/03 $g498 
045F/03 $g436 
045G    $a907.209439 $eDDC23BSB 
045G/01 $a907.2 
045G/03 $g439 
045G/03 $g437 
045R    $aGeschichte 
045Z    $8NK 2425 [Tkv] $941088846X 
045Z    $8NR 9600 [Tkv] $9410932809 
046M    $aLiteraturverz. S. [163] - 176 

lok: 18856618 21

exp: 18856618 21 1 #EPN
201B/01 $003-08-07 $t14:31:46.000 
201C/01 $009-07-07 
201U/01 $0utf8 
203@/01 $0506216047 
208@/01 $a03-08-07 $bz 
209A/01 $a2007/2160 $du $f100 $x00 
209G/01 $aMagazin $x01 
209G/01 $a52250986 $x00 
247C/01 $8640100-4 <66>Fulda, Hochschul-, Landes- und Stadtbibliothek Fulda, Standort Heinrich-von-Bibra-Platz $9102599599 

lok: 18856618 23

exp: 18856618 23 1 #EPN
201B/01 $025-10-24 $t13:11:37.000 
201C/01 $002-08-08 
201U/01 $0utf8 
203@/01 $0547559585 
208@/01 $a08-10-13 $bz 
209A/01 $a35 NR 9600 R845 $ds $f030 $hNR 9600 R845 $x00 
209A/01 $a35 2008 A 2338 $h2008 A 2338 $x09 
209G/01 $a24927695 $x00 
247C/01 $8352030-4 <34/30>Kassel, UB Kassel, Standort Brüder-Grimm-Platz, Landesbibliothek und Murhardsche Bibliothek der Stadt Kassel $9102599475 

lok: 18856618 24
101B    $024-08-09 $t11:05:18.000 
101C    $024-08-09 
101U    $0utf8 
145Z/01 $a55 8 S 5 
145Z/02 $a55 7 A 
145Z/03 $a20 7 A 

exp: 18856618 24 1 #EPN
201B/01 $024-08-09 $t11:05:18.000 
201C/01 $018-01-08 
201U/01 $0utf8 
203@/01 $0523372086 
208@/01 $a24-08-09 $bz 
209A/01 $a09.3933 $du $f050 $h09 3933 $x00 
209C/01 $a09.3933 K $h09 3933 K 
209G/01 $a72473973 $x00 
220C/01 $ajwa/hae 
247C/01 $8358050-7 Marburg, Bibliothek des Herder-Instituts Marburg $9102600961 

lok: 18856618 25

exp: 18856618 25 1 #EPN
201B/01 $016-12-25 $t11:10:34.000 
201C/01 $029-08-07 
201U/01 $0utf8 
203@/01 $0508016606 
208@/01 $a13-11-07 $bzis 
209A/01 $aURd 100 $dd $f092 $x00 
209C/01 $a285/07 
209G/01 $a73885337 $x00 
209G/01 $aOsteuropäische Geschichte $x01 
247C/01 $8651092-9 <77/092>Mainz, Universität Mainz, Bereichsbibliothek Philosophicum, Standort Osteuropäische Geschichte $9102600414 

lok: 18856618 78

exp: 18856618 78 1 #EPN
201B/01 $020-12-17 $t22:56:23.000 
201U/01 $0utf8 
203@/01 $0793323207 
208@/01 $a12-11-16 $be 
209A/01 $a/ $f000 $x00 
220C/01 $aAnmerkung: *ng 
237A/01 $aweiterführende Signatur(en):  09.3933 
244Z/01 $2Trx $#Kesk- ja Ida- Euroopa kontseptsioonid $#Vidurio Europos koncepcijos $#East-Central Europe $#Keletközépeurópa-eszmék $#Europa Środkowo-Wschodnia koncepcje $#Európa stredovýchodná koncepcie $#Evropa střední, východní část koncepce $#Mitteleuropa $#Osteuropakonzeptionen $#Europa Środkowa koncepcje $#Stredná Európa koncepcie $#Střední Europa koncepce $8--Trx--Ostmitteleuropakonzeptionen $x01 $9391364286 
244Z/01 $2Trx $#Ungari $#Vengrija $#Ungārija $#Ungarn $#Hungary $#Węgry $#Maďarsko $#Maďarsko $#Uhorsko $#Uhersko;Uhry $8--Trx--Magyarország $x02 $9391197150 
244Z/01 $2Trx $8--Trx--Monographie $x03 $9391384546 
244Z/01 $#Siebenbürgen $#Siebenbürgen $#Fürstentum Siebenbürgen $#Transsilvanien $#Transsylvanien $#Transilvania $#Transylvania $#Ardeal $#Erdély $#Siedmiogród $#Sedmohradsko $#Sedmihradsko $74054835-1 $8--Tg1--Siebenbürgen $x04 $9085152552 
244Z/01 $2Trx $#kirjeldused regioonid, maad $#regionų ir kraštų istorija $#overview regions/countries $#ábrázolások, átfogó vidékek, országok $#regiony i kraje ogólnie $#dejiny, všeobecné prehľady regióny/krajiny $#dějiny, obecné přehledy regiony/země $#Regionalgeschichte $#Regionen $#Länder $#dejiny krajské $#dejiny regionálne $8--Trx--Darstellungen, übergreifende$gRegionen/Länder $x05 $9391373188 
245Z/01 $a06.01 $x01 
247C/01 $82080>Marburg/Lahn, Herder-Institut, Forschungsbibliothek, Bibliographieportal $9336309341 

lok: 18856618 204

exp: 18856618 204 1 #EPN
201B/01 $009-06-23 $t11:39:06.000 
201C/01 $015-08-07 
201U/01 $0utf8 
203@/01 $0507359194 
208@/01 $a11-10-07 $bzUB 
209A/01 $aFH his Ix 4.21, 3.Aufl. $du $f000 $hFH HIS IX 4 21 / A 3 $x00 
209A/01 $a22.162.72 $h22 162 72 $x09 
209B/01 $a00001 $x05 
209G/01 $a22162721 $x00 
245S/01 $a10000 $x01 
247C/01 $8631000-x <26>Gießen, Universität Gießen, Universitätsbibliothek Gießen $9102596697
LEADER 00000cam a2200000 c 4500
001 18856618X
003 DE-603
005 20230603021536.0
007 tu
008 070709s2007 xx |||| | u00||u|ger c
020 |a 9783412135027 
020 |a 341213502X 
035 |a (DE-599)HEB18856618X 
035 |a (OCoLC)180164770 
040 |a DE-603  |b ger  |c DE-603  |d DE-603 
041 |a ger 
043 |c XA-RO 
082 0 4 |8 1\u  |a 909  |q DE-101  |2 23/BSB 
083 0 |8 2\u  |a 907.209439  |q DE-101  |2 23/BSB 
084 |a 63  |q DE-101  |2 sdnb 
084 |a NK 2425  |0 (DE-625)125888:  |0 (DE-603)41088846X  |2 rvk 
084 |a NR 9600  |0 (DE-625)130295:  |0 (DE-603)410932809  |2 rvk 
084 |a 16.5  |q DE-101  |2 sdnb 
085 |8 1\u  |b 909 
085 |8 1\u  |z 2  |s 498 
085 |8 1\u  |z 2  |s 436 
085 |8 2\u  |b 907.2 
085 |8 2\u  |z 2  |s 439 
085 |8 2\u  |z 2  |s 437 
100 1 |a Roth, Harald  |d 1965-  |0 (DE-603)152859071  |0 (DE-588)121487938  |2 gnd 
245 0 0 |a Kleine Geschichte Siebenbürgens  |c Harald Roth 
250 |a 3., aktualis. Aufl. 
264 1 |a Köln ˜[u.a.]œ  |b Böhlau  |c 2007 
300 |a 196 S.  |b Ill., graph. Darst., Kt. 
504 |a Literaturverz. S. [163] - 176 
648 7 |a Geschichte  |2 gnd 
651 7 |a Siebenbürgen  |0 (DE-588)4054835-1  |0 (DE-603)085152552  |2 gnd 
856 4 2 |m V:DE-605;X:Imageware  |q application/pdf  |u http://scans.hebis.de/HEBCGI/show.pl?18856618_toc.pdf  |3 Inhaltsverzeichnis 
924 0 |9 66  |a (DE-603)506216047  |b DE-66  |c HES  |d c  |g 2007/2160  |h Magazin 
924 0 |9 34/30  |a (DE-603)547559585  |b DE-34-30  |c HES  |d b  |g 35 NR 9600 R845  |i 35 2008 A 2338 
924 0 |9 Mb 50  |a (DE-603)523372086  |b DE-Mb50  |c HES  |d c  |g 09.3933 
924 0 |9 77/092  |a (DE-603)508016606  |b DE-77-092  |c HES  |d d  |g URd 100 
924 0 |9 2080  |a (DE-603)793323207  |b DE-2080  |c HES  |d d  |g / 
924 0 |9 26  |a (DE-603)507359194  |b DE-26  |c HES  |d c  |g FH his Ix 4.21, 3.Aufl.  |i 22.162.72